LIBRARY & INFORMATION CENTRE, KCAET, TAVANUR

ONLINE PUBLIC ACCESS CATALOGUE (OPAC)

Introduction to operations research: A computer oriented algorithmic approach / (Record no. 1572)

MARC details
000 -LEADER
fixed length control field 00519cam a2200181ua 4500
041 ## - LANGUAGE CODE
Language code of text/sound track or separate title eng
082 ## - DEWEY DECIMAL CLASSIFICATION NUMBER
Classification number 658.4034
Item number GIL/IN
100 ## - MAIN ENTRY--AUTHOR NAME
Personal name Gillett, Billy E .
245 ## - TITLE STATEMENT
Title Introduction to operations research: A computer oriented algorithmic approach /
250 ## - EDITION STATEMENT
Edition statement 1 /
260 ## - PUBLICATION, DISTRIBUTION, ETC. (IMPRINT)
Place of publication New Delhi :
Name of publisher Tata Mc-Graw Hill Publishing Company ,
Year of publication 1976.
300 ## - PHYSICAL DESCRIPTION
Number of Pages 617 ; .
942 ## - ADDED ENTRY ELEMENTS (KOHA)
Koha item type Books
Holdings
Withdrawn status Lost status Damaged status Home library Current library Date acquired Full call number Accession Number Koha item type
      KAUAET KAUAET 07/04/2012 658.4034 GIL/IN 18528 Books
      KAUAET KAUAET 07/04/2012 658.4034 GIL/IN 19959 Books
      KAUAET KAUAET 11/09/1986 658.4034 GIL/IN 15769 Books
free website counter